Quizzes
Events
Quiz Creation
Community
Videos
Private Events
Remove Ads
Sign In
Join for FREE
Feedback
Dark Mode
Quiz Categories
Sports
Geography
Music
Movies
Television
Just For Fun
Miscellaneous
History
Literature
Language
Science
Gaming
Entertainment
Religion
Holiday
For Kids
Quiz Lab
Recent
Popular Today
Quiz Kudos Today
Editor Picks
Curator Picks
Quizzes by...
Day
Popularity
Type
Ratings
Length
Year
Community
Subscriptions
Recent Discussions
Orange Saloon
Badges
Playlists
Quests
Create
Leaderboards
Showdown
Live 5
Trivia Bingo
Activity
Puzzle Library
Sporcle Events
Private Events
Virtual Trivia
Globe League
Become a Host
Pub Owners
SporcleCon
Opinionation
Our Games
Videos
Blog
Mobile Apps
Partnerships
Remove Ads and Go Orange
Feedback
Movies
Disney
Marvel Cinematic Universe
Movie Resume
Movie Titles
Oscar
Actor
Actress
Director
Pixar
Role
Movie Quotes
Movie Characters
Box Office
Nominee
Best Picture
Star Wars
James Bond
Horror Movies
Movies
Disney
Marvel Cinematic Universe
Movie Resume
Movie Titles
Oscar
Actor
Actress
Director
Pixar
Role
Movie Quotes
Movie Characters
Box Office
Nominee
Best Picture
Star Wars
James Bond
Horror Movies
Random Quiz
Search Sporcle
×
Quiz Lab
Quiz Lab
Movies
Disney
Type in answers that appear in a list
Type in answers that appear in a list
Classic
Best Score? Go Orange.
Disney Lyrics without Hints II Stats
Can you name the Disney Lyrics without Hints?
By
netsirklleub
8m
181 Questions
444 Plays
444 Plays
444 Plays
Comments
Comments
Give Quiz Kudos
Give Quiz Kudos
-
- Ratings
hide this ad
More Info
Replay
Link that replays current quiz
Next Quiz
Link to next quiz in quiz playlist
You Got
0%
They Got
Avg Score
51%
Avg Friend Score
Upgrade to see
Score Distribution
Jump to the score distribution portion of the page
Score
0/181
Timer
08:00
0
Plays Today
Lyrics
% Correct
and
98.9%
the
98.9%
and
98.9%
And
98.9%
and
98.9%
and
98.9%
And
98.9%
and
98.9%
and
98.9%
the
98.9%
the
98.9%
and
98.9%
I
96.8%
I
96.8%
I
96.8%
I
96.8%
I
96.8%
I
96.8%
you
88.7%
You
88.7%
you.'
88.7%
you
88.7%
to
79.3%
me
77.9%
me,
77.9%
it
75.5%
can
74.3%
can
74.3%
do,
72.7%
where
71.4%
on
70.7%
for
68.9%
for
68.9%
for
68.9%
there,
68.5%
there.
68.5%
There
68.5%
there.
68.5%
there,
68.5%
there.
68.5%
there.
68.5%
there.
68.5%
there,
68.5%
there,
68.5%
there!
68.5%
my
65.5%
my
65.5%
my
65.5%
my
65.5%
what
65.3%
know
62.8%
know
62.8%
So,
62.6%
I'm
60.6%
I'm
60.6%
I'm
60.6%
I'm
60.6%
I'm
60.6%
I'm
60.6%
I'm
60.6%
I'm
60.6%
Lyrics
% Correct
I'm
60.6%
I'm
60.6%
I'm
60.6%
I'm
60.6%
I'm
60.6%
This
59.9%
don't
59.5%
don't
59.5%
have
59%
have
59%
are
59%
it's
57.7%
not
56.8%
from
55%
but
54.3%
but
54.3%
But
54.3%
now
53.4%
Now
53.4%
all
53.2%
time
52.9%
time
52.9%
just
52.3%
Just
52.3%
here
50.7%
here
50.7%
I've
49.5%
I've
49.5%
I've
49.5%
I've
49.5%
got
46.4%
every
46.2%
had
45%
look
45%
had
45%
day.
43.2%
almost
43%
almost
43%
almost
43%
almost
43%
almost
43%
almost
43%
almost
43%
almost
43%
almost
43%
almost
43%
out
42.3%
down,
40.8%
down
40.8%
been
40.3%
That's
39.6%
way
39.6%
way.
39.6%
think
38.7%
going,
38.5%
going
38.5%
come
37.8%
come
37.8%
people
36.5%
People
36.5%
People
36.5%
Lyrics
% Correct
care.
35.1%
wait
34.7%
around
34.5%
gonna
34.2%
gonna
34.2%
gonna
34.2%
There's
33.8%
make
33.1%
stop
31.8%
work
31.5%
Ain't
31.3%
ain't
31.3%
nothing
31.3%
Mama!
31.1%
share.
31.1%
share.
31.1%
dancing!
30.6%
things
30.6%
old
30.4%
through.
30.4%
'cause
30.2%
crazy
30%
real
29.1%
each
29.1%
exactly
28.8%
hard
28.4%
depends
28.2%
everywhere
27.9%
messing
27.7%
Daddy
27.7%
getting
27.5%
true.
27.5%
tribulations,
27%
tribulations,
27%
town
26.8%
Trials
26.8%
told
26.8%
trials
26.8%
awhile.
26.6%
style.
26.6%
taking
26.4%
easy
26.1%
closer
26.1%
closer
26.1%
gotta
26.1%
slow
25.7%
happen,
25.5%
everyday.
25.2%
remember
24.8%
coming
24.8%
doing
23.9%
'Fairytales
23.6%
boys,
23.6%
sure
23%
river
22.3%
'em
21.8%
mountain,
21.8%
climbed
21.2%
crossed
20.5%
Quiz Playlist
Details
Report
Send in Message
Add To Playlist
More Info:
A more challenging Disney lyrics game for those who really know their lyrics
Classic:
Type in answers that appear in a list
Last Updated: Feb 16, 2017
Quiz Scoreboard
CHALLENGE
Sign Up to Join the Scoreboard
Show All
Scores
Hide
Comments
May contain spoilers
Recently Published
1-10 Letter E Words III
by El_Dandy
Language
2m
One Thing in Common: World Cities II
by knightlancer
Geography
7m
Popular People in 1961
by mucciniale
History
6m
More to Explore
Quiz From the Vault
Featured Blog Post
Where Did the Easter Bunny Come From?
hide this ad
You Might Also Like...
Tags
Disney Quiz
Lyrics Quiz
Disney Films
Movie Songs
Musical Songs
Today's Top Quizzes in Movies
Browse Movies
hide this ad
Today's Top Quizzes in Disney
Browse Disney
Top Contributed Quizzes in Movies
1
Multi-Oscar Nominations, One Movie, One Winner
2
12 Movies about Fictional 1960s Events
3
One Thing in Common: Movies
4
Three Word 'T' Movies Match Up
5
Sunday Crossword: Film Score Composers
6
One Thing in Common: Movies II
7
Three Word 'H' Movies Match Up
8
Three Word 'M' Movies Match Up
9
One Thing in Common: Oscars
10
Three Word 'P' Movies Match Up
Explore More
Trending Topics
Anime
Crossword
NBA
Disney
Marvel
Kpop
Harry Potter
Soccer
NFL
The Office
WWE
Country
Song
Pokémon
Puzzle
hide this ad
More By:
netsirklleub
Quiz
Plays
Rating
Category
Featured
Created
Disney Lyrics without Hints III
462
3.00
Movies
Feb 21, 2012
Disney Lyrics without Hints VI
801
3.17
Movies
Feb 22, 2012
Disney Lyrics without Hints IV
580
4.00
Movies
Feb 21, 2012
Disney Lyrics without Hints III
462
3.00
Movies
Feb 21, 2012
Disney Lyrics without Hints VII
460
4.00
Movies
Feb 27, 2012
Disney Lyrics without Hints II
444
3.67
Movies
Feb 20, 2012
Go to Creator's Profile
Score Distribution
Quiz Creator Spotlight
netsirklleub
Follow
Send a Message
Quizzes Created
-
Created Quiz Play Count
-
More By This Creator
Popular Quizzes Today
1
Find the US States - No Outlines Minefield
2
Find the Countries of Europe - No Outlines Minefield
3
The Countries of the World
4
Popular People in 1961
5
1-10 Letter E Words III
6
Find the US States
7
One Thing in Common: World Cities II
8
US States
More Movies Quizzes
5x2 Blitz: Marvel Cinematic Universe
Quiz Lab
Trending Quizzes
Risky Map Clicking: Least Populous States A-Z
1-10 Letter F Words
1-10 Letter G Words
One Thing in Common: United Kingdom
Risky Map Clicking: Biggest States A-Z
Recently Updated
Leaping Animals
pecheneg
Reality TV Shows (A-Z)
bhenderson79
Rickey Henderson's Hall of Fame Teammates
pecheneg
Champions League XIs: Arsenal
pecheneg
Quick Pick: Celebrities in WWE's Hall of Fame
aduchscher
A-Z Keypad Blitz II
pecheneg
Multiple Oscar Actors
pecheneg
Mystery Phrase Blitz: Oscar 'Best Actors'
pecheneg
F. Scott Fitzgerald Novels
LTH
Pick 3 Villains
ddd62291
Trending Topics
Anime
Kpop
Disney
Harry Potter
NBA
Marvel
Crossword
Country
Puzzle
WWE
The Office
Pokémon
Song
Soccer
NFL
Your Account Isn't Verified!
In order to create a playlist on Sporcle, you need to verify the email address you used during registration. Go to your
Sporcle Settings
to finish the process.
Report this User
Report this user for behavior that violates our
Community Guidelines
.
Details:
Send Report
Go to the Sporcle.com Mobile Site →
Comments